00494nam a2200217Ia 4500008004100000020001800041050001700059100001700076245001800093245002500111245002000136260001500156260001600171260000900187300001600196300002200212300001000234300001800244440000600262500000800268170918s9999 xx 000 0 und d a9780545418010 bS859mo 2013  aStine, R. L. aMost wanted : bFrankenstein's dog / cby R. L. Stine. aNew York : bScholastic, c2013 a136 pages : bblack and white : c19cm. eMost wanted ; a4 a400